ბათუმის შოთა რუსთაველის სახელმწიფო უნივერსიტეტის ბიბლიოთეკა

Aspekte neu. Grammatik B1plus bis C1 / (ბიბ.ჩანაწერი № 59306)

000 -LEADER
fixed length control field 00578nam a22001817a 4500
005 - DATE AND TIME OF LATEST TRANSACTION
control field 20230116155148.0
008 - FIXED-LENGTH DATA ELEMENTS--GENERAL INFORMATION
fixed length control field 230116s2017ge xxu||||| |||| 00| 0 ger d
020 ## - INTERNATIONAL STANDARD BOOK NUMBER
International Standard Book Number 9783126050326 X
041 ## - LANGUAGE CODE
Language code of text/sound track or separate title ger
080 ## - UNIVERSAL DECIMAL CLASSIFICATION NUMBER
Universal Decimal Classification number 811.112.1 S-58
100 ## - MAIN ENTRY--PERSONAL NAME
Personal name Sieber, Tanja
9 (RLIN) 16686
245 ## - TITLE STATEMENT
Title Aspekte neu. Grammatik B1plus bis C1 /
Statement of responsibility, etc. Tanja Sieber.
264 ## - PRODUCTION, PUBLICATION, DISTRIBUTION, MANUFACTURE, AND COPYRIGHT NOTICE
Place of production, publication, distribution, manufacture Stuttgart:
Name of producer, publisher, distributor, manufacturer Ernst klett sprachen,
Date of production, publication, distribution, manufacture, or copyright notice [2017].
300 ## - PHYSICAL DESCRIPTION
Extent 79 p.:
Other physical details Illust;
Dimensions 28 cm.
653 ## - INDEX TERM--UNCONTROLLED
keyword Aspekte neu. Grammatik B1plus bis C1
653 ## - INDEX TERM--UNCONTROLLED
keyword გერმანული გრამატიკა
942 ## - ADDED ENTRY ELEMENTS (KOHA)
Source of classification or shelving scheme
Koha item type წიგნი
ეგზემპლარები
Withdrawn status Lost status Source of classification or shelving scheme Damaged status Not for loan Permanent Location Current Location Shelving location Date acquired Cost, normal purchase price Full call number Barcode Date last seen Copy number Price effective from Koha item type Public note
          ბათუმის შოთა რუსთაველის სახელმწიფო უნივერსიტეტის მთავარი ბიბლიოთეკა ბათუმის შოთა რუსთაველის სახელმწიფო უნივერსიტეტის მთავარი ბიბლიოთეკა წიგნსაცავი 2023-01-16 9.00 811.112.1 S-58 63446 2023-01-16 63446 2023-01-16 წიგნი 9ლ.50თ.